Statistics for Copa America 2021 Final Argentina - Brazil

Click here to take the quiz!

General Stats

  • This quiz has been taken 265 times
  • The average score is 19 of 33

Answer Stats

Player% Correct
Lionel Messi
100%
Emiliano Martínez
95%
Neymar
95%
Lautaro Martínez
94%
Ángel Di María ¹
92%
Ederson
86%
Nicolás Otamendi
83%
Casemiro
80%
Thiago Silva
78%
Rodrigo De Paul
75%
Marquinhos
74%
Marcos Acuña
69%
Vinícius Júnior
68%
Cristian Romero
66%
Richarlison
61%
Leandro Paredes
60%
Lionel Scaloni
57%
Nicolás Tagliafico
57%
Gonzalo Montiel
52%
Lucas Paquetá
52%
Giovani Lo Celso
50%
Tite
48%
Danilo
47%
Renan Lodi
42%
Fred
41%
Roberto Firmino
38%
Germán Pezzella
31%
Guido Rodríguez
30%
Nicolás González
29%
Gabriel Barbosa
26%
Everton Cebolinha
25%
Exequiel Palacios
23%
Emerson
21%

Score Distribution

Percentile by Number Answered

Percent of People with Each Score

Your Score History

You have not taken this quiz